06133nam a2200457Ia 4500001000900000003000500009005001700014007000300031008004100034010001100075020001800086040002300104041002300127050002300150082002700173100003500200240002800235245012800263250001700391264003800408300007900446336002700525337002800552338002800580504002800608505222700636520210202863650003004965650003104995700003505026700003605061700006105097856013105158901002105289902000605310905006305316942001505379999001905394952013805413952012405551dia_2813CHAP20250613181033.0ta220117s2002 mx ado fr 001 0 spa d a173313 a84-7829-053-2 cCHAPamxchpuaerda aspabspafspaheng aQP514.2b.M38 2002 220a574.192 bM38 20021 aMathews, Christopher K.97300110aBiochemistrylEspañol10aBioquímica /cChristopher K. Mathews, K.E. van Holde y Kevin G. Ahern ; traducción José Manuel González de Buitrago a3a edición aMéxico :bAddison Wesley,c2002 axxx, 1335 páginas :bilustraciones, gráficas, diagramas, tablas, fotos 2rdacontentatextobtxt 2rdamediaano mediadobn 2rdacarrieravolumenbnc aIncluye bibliografías0 aParte I. El campo de la bioquímica. -- 1. El alcance de la bioquímica. -- 2. La matriz de la vida: interacciones débiles en un medio acuoso. -- 3. El mecanismo energético de la vida. -- Parte II. Arquitectura molecular de la materia viva. -- 4. Ácidos nucleicos. -- 5. Introducción a las proteínas: el nivel primario de la estructura proteica. -- 6. La estructura tridimensional de las proteínas. -- 7. Función proteica y evolución. -- 8. Proteínas en movimiento: sistemas contráctiles y motores moleculares. -- 9. Hidratos de carbono. -- 10. Lípidos, membranas y transporte celular. -- Parte III. Dinámica de la vida: catálisis y control de las reacciones bioquímicas. -- 11. Enzimas: catalizadores biológicos. -- 12. Introducción al metabolismo. -- Parte IV. Dinámica de la vida: energía, biosíntesis y utilización de precursores. -- 13. Metabolismo de los hidratos de carbono I: procesos anaerobios en la generación de energía metabólica. -- 14. Procesos oxidativos: ciclo del ácido cítrico y vía de las pentosas fosfato. -- 15. Transporte electrónico, fosforilación oxidativa y metabolismo del oxígeno. -- 16. Metabolismo de los hidratos de carbono II: biosíntesis. -- 17. Fotosíntesis. -- 18. Metabolismo de los lípidos I: ácidos grasos, triacilgliceroles y lipoproteínas. -- 19. Metabolismo de los lípidos II: lípidos de membrana, esteroides, isoprenoides y eicosanoides. -- 20. Metabolismo de los compuestos nitrogenados: principios de la biosíntesis, utilización y renovación. -- 21. Metabolismo de los compuestos nitrogenados: aminoácidos, porfirinas y neurotransmisores. -- 22. Metabolismo de los nucleótidos. -- 23. Coordinación metabólica, control metabólico y transducción de señales. -- Parte V. Información. -- 24. Copiado de la información: replicación. -- 25. Reestructuración de la información: restricción, reparación, recombinación, reordenación y amplificación. -- 26. Lectura de la información: transcripción. -- 27. Descodificación de la información: traducción. -- 28. Genes eucariotas y su expresión. -- Respuestas a los problemas. -- Glosario. -- Índice de materias.2 aLa ilustración de la cubierta fusiona los temas clásicos y contemporáneos de la bioquímica. Un tema central de la bioquímica es la transducción de energía, esto es, comprender la forma en que se genera la energía metabólica a nivel molecular, y comprender las relaciones entre la liberación de energía química a través de la ruptura del ATP y su acoplamiento con los procesos químicos, mecánicos y eléctricos que requieren energía. Algo que está surgiendo es nuestro conocimiento creciente, a través del análisis estructural, de las proteínas motoras, las proteínas cuyos movimientos físicos y acciones mecánicas están impulsados por la liberación de energía del enlace fosfato. La estructura que se muestra es la helicasa Rep de la bacteria termófila Bacillus stearothermophilus. Las helicasas desenrollan las cadenas del DNA con el fin de preparar al genoma para la replicación y otros procesos del metabolismo del DNA. La hidrólisis del ATP impulsa el movimiento de la proteína a lo largo de la cadena de DNA, y el desenrollamiento es el resultado de ese movimiento. El dibujante ha colocado una cámara imaginaria justo detrás del ATP en una subunidad de esta enzima dimérica, y ha buscado la proyección hacia fuera desde la hendidura de unión del sustrato en el “espacio interior”, para descubrir una segunda molécula de helicasa trabajando detrás de la que envuelve al observador. El dibujante ha mostrado diferentes métodos de representar los gráficos moleculares. La helicasa se presenta como una molécula de superficie lisa en azul; la molécula de ATP se presenta con una combinación de CPK (relleno espacial), bolas y bastones, y modelos de alambre; el DNA se presenta en un estilo de cinta idealizada. La única luz de la figura, que representa la liberación de energía..., procede de la ruptura “explosiva” del ATP, que tiene lugar en la profundidad del lugar de unión del ATP, escondida de la proyección. Se muestran dos “explosiones” de ATP, una en cada molécula de helicasa.13aBiochemistry91504482atg13aBioquímica 9128492atg1 aAhern, Kevin G.9153546eautor1 aVan Holde, K. E.9153548eautor1 aGonzález de Buitrago, José Manuel9153547etraductor42uhttps://cbtis54.edu.mx/wp-content/uploads/2024/04/Bioquimica-Chistoper-K-Mathews-Kensal-E-Van-Holde-Kevin-G-Ahern.pdfyVER PDF a574.192 M38 2002 aM a5232272002 sp admn8222223322spa16 cLIBRO2ddc c173313d173313 00102local4055708GRALaIA_bIA_eCompra i220915l3o574.192 M38 2002p1102001287r2024-10-24 19:12:54s2024-10-24tEj. 2yLIBRO 00102ddc4051708GRALaIA_bIA_eCompra i220916l0o574.192 M38 2002p1102005648r2022-01-18 00:00:00tEj. 1yLIBRO